| 000 | 00884nam a22003017a 4500 | ||
|---|---|---|---|
| 001 | BR2017003466 | ||
| 003 | BR-BrBNA | ||
| 005 | 20230928105221.0 | ||
| 007 | ta | ||
| 008 | 230509b bl.||||| |||| 00| 0 por d | ||
| 040 |
_aBR-BrBNA _bpor _cBiblioteca Nacional de Agricultura |
||
| 041 | _a(Por) | ||
| 072 | _aE40; E80 | ||
| 090 | _ E40 BR2017003466 | ||
| 100 | 1 | _aNery, N. | |
| 110 | 1 |
_aAssociação de Orientação às Cooperativas do Nordeste, Recife, PE _9935 |
|
| 245 | 1 | _aCultivando a liberdade: um laboratório vivo de aprendizagem da cooperação | |
| 260 | 3 |
_aRecife, PE (Brasil): _c2005. |
|
| 300 | _a103 p. | ||
| 500 | _a36 ref. | ||
| 650 | _aDESENVOLVIMENTO SUSTENTÁVEL | ||
| 650 | _aCOOPERATIVISMO | ||
| 650 | _aASSOCIATIVISMO | ||
| 650 | _aECOLOGIA VEGETAL | ||
| 650 | _aAGRICULTURA FAMILIAR | ||
| 909 |
_a202309 _bLucia _c55 _dLucia Elande |
||
| 942 | _cBK | ||
| 999 |
_c84087 _d84087 |
||